000 00532nam a2200205 a 4500
001 BRCA_3950
005 20190320204504.0
008 130110s1904----gw-#######---#000-0#ger-#
041 _ager
044 _agw
050 4 _aF1230
_b.B65 1904
100 1 _aBoliche, Wilhelm
_910276
245 1 0 _aDie Eroberung des Menichen
_cWilhelm Boliche.
260 _aBerlín
_bF. Wunder
_c1904
300 _a173 p.
_bil.
_c18 cm.
500 _aCDE7
651 4 _aMéxico
_xHistoria
_yConquista, 1519-1540
_9442
902 _aGFM
942 _2lcc
_cB
999 _c3677
_d3677